Sabrina Carpenter - Chansons de l'album emails i can't send - Statistiques

Statistiques générales
  • Ce quiz a été pris 163 fois
  • Le résultat moyen est 13 sur 17
Statistiques - réponses
Hint Réponse % Correct
9 Nonsense
96%
1 emails i can't send
95%
15 Feather
94%
5 because i liked a boy
87%
4 Tornado Warning
85%
2 Vicious
83%
14 opposite
78%
13 decode
75%
3 Read Your Mind
74%
10 Fast Time
69%
11 skinny dipping
69%
17 things i wish you said
68%
12 Bad for Business
65%
16 Lonesome
65%
8 bet u wanna
64%
6 Already Over
62%
7 how many things
62%
Aucun quiz correspondant
Distribution des résultats
% des personnes avec chaque résultat
Percentile par nombre de réponses
Votre historique - résultats
Vous n’avez pas pris ce quiz